00492nam a2200109Ia 4500008004100000050002300041100002500064245014700089260008600236300003300322521002700355140724s9999 xx 000 0 und d aT 58.6b.G643 2014 aGonzales, Michael D. aAutomated generation of student evaluation rating for college teachers of Southville International School and Colleges /cMichael D. Gonzales. aLas Piñas, Philippines :bSouthville International School and Colleges,cc2014. a82 p. :bcol. Ill. ;c28 cm. aInformation Technology